[Event "2nd Gujarat Open 2019"]
[Site "Ahmedabad, Gujarat"]
[Date "2019.09.25"]
[Round "6.8"]
[White "Himanshu, Sharma"]
[Black "Rathnakaran, K.."]
[Result "1-0"]
[WhiteElo "2408"]
[BlackElo "2325"]
[Annotator "NA"]
[PlyCount "83"]
[EventDate "2019.09.22"]
[EventType "swiss"]
[EventCountry "IND"]
[SourceTitle "playchess.com"]
[Source "ChessBase"]
[SourceQuality "1"]
[TimeControl "5400+30"]

1. e4 e6 {[%emt 0:01:24]} 2. d4 {[%emt 0:00:00]} d5 {[%emt 0:00:04]} 3. Nd2 {[%emt 0:00:00]} Nf6 {[%emt 0:00:03]} 4. e5 {[%emt 0:00:02]} Nfd7 {[%emt 0:00:03]} 5. c3 {[%emt 0:00:05]} c5 {[%emt 0:00:02]} 6. f4 {[%emt 0:00:05]} Nc6 {[%emt 0:00:05]} 7. Ndf3 {[%emt 0:00:04]} Be7 {[%emt 0:00:05]} 8. Bd3 {[%emt 0:02:16]} cxd4 {[%emt 0:00:07]} 9. cxd4 {[%emt 0:00:06]} Qa5+ {[%emt 0:00:02]} 10. Kf1 {[%emt 0:04:18]} f6 {[%emt 0:00:05]} 11. g3 {[%emt 0:00:37]} Nf8 {[%emt 0:01:13]} 12. Kg2 {[%emt 0:00:59]} Bd7 {[%emt 0:00:04]} 13. Ne2 {[%emt 0:03:16]} h5 {[%emt 0:00:15]} 14. a3 {[%emt 0:03:35]} h4 {[%emt 0:01:11]} 15. Be3 {[%emt 0:02:54]} h3+ {[%emt 0:00:11]} 16. Kf2 {[%emt 0:00:35]} Qb6 {[%emt 0:00:45]} 17. b4 {[%emt 0:01:43]} a5 {[%emt 0:01:22]} 18. b5 {[%emt 0:01:17]} Nd8 {[%emt 0:00:05]} 19. Nc3 {[%emt 0:01:48]} Nf7 {[%emt 0:00:21]} 20. Na4 {[%emt 0:01:10]} Qd8 {[%emt 0:00:06]} 21. Nc5 {[%emt 0:02:12]} b6 {[%emt 0:02:10]} 22. Nxd7 {[%emt 0:00:43]} Qxd7 {[%emt 0:00:05]} 23. g4 {[%emt 0:08:41]} Nh6 {[%emt 0:04:50]} 24. Rg1 {[%emt 0:00:45]} f5 {[%emt 0:00:04]} 25. g5 {[%emt 0:02:11]} Ng4+ {[%emt 0:02:44]} 26. Ke2 {[%emt 0:00:03]} Rc8 {[%emt 0:00:39]} 27. Qb3 {[%emt 0:00:43]} Kf7 {[%emt 0:00:35]} 28. Rac1 {[%emt 0:01:48]} Ng6 {[%emt 0:00:09]} 29. Rxc8 {[%emt 0:03:22]} Rxc8 {[%emt 0:00:08]} 30. Bd2 {[%emt 0:01:51]} Qd8 {[%emt 0:01:24]} 31. Rg3 {[%emt 0:01:28]} Nxh2 {[%emt 0:07:13]} 32. Nxh2 {[%emt 0:00:18]} Qh8 {[%emt 0:00:04]} 33. Bb1 {[%emt 0:10:28]} a4 {[%emt 0:00:05]} 34. Qd3 {[%emt 0:03:11]} Qh4 {[%emt 0:00:17]} 35. Qf3 {[%emt 0:00:34]} Rh8 {[%emt 0:00:04]} 36. Kf1 {[%emt 0:03:29]} Ke8 {[%emt 0:01:44]} 37. Bc2 {[%emt 0:00:28]} Kd7 {[%emt 0:00:06]} 38. Bxa4 {[%emt 0:02:14]} Qh7 {[%emt 0:04:12]} 39. Bd1 {[%emt 0:04:31]} Ke8 {[%emt 0:04:38]} 40. a4 {[%emt 0:02:00]} Kf7 {[%emt 0:00:04]} 41. Bc2 {[%emt 0:01:53]} Nh4 {[%emt 0:00:35]} 42. Qb3 {[%emt 0:00:53]} 1-0

[Event "2nd Gujarat Open 2019"]
[Site "Ahmedabad, Gujarat"]
[Date "2019.09.25"]
[Round "6.9"]
[White "Kiran, Manisha Mohanty"]
[Black "Karthikeyan, P.."]
[Result "0-1"]
[WhiteElo "2102"]
[BlackElo "2408"]
[Annotator "NA"]
[PlyCount "80"]
[EventDate "2019.09.22"]
[EventType "swiss"]
[EventCountry "IND"]
[SourceTitle "playchess.com"]
[Source "ChessBase"]
[SourceQuality "1"]
[TimeControl "5400+30"]

1. e4 {[%emt 0:02:17]} g6 {[%emt 0:00:00]} 2. d4 {[%emt 0:00:04]} Bg7 {[%emt 0:00:00]} 3. Nc3 {[%emt 0:00:40]} d6 {[%emt 0:00:00]} 4. Be3 {[%emt 0:00:08]} a6 {[%emt 0:00:10]} 5. Qd2 {[%emt 0:00:25]} b5 {[%emt 0:00:16]} 6. Bd3 {[%emt 0:00:06]} Nd7 {[%emt 0:01:01]} 7. a4 {[%emt 0:00:09]} b4 {[%emt 0:00:07]} 8. Nce2 {[%emt 0:00:05]} Ngf6 {[%emt 0:00:03]} 9. h3 {[%emt 0:00:18]} Bb7 {[%emt 0:01:59]} 10. Ng3 {[%emt 0:00:16]} h5 {[%emt 0:00:23]} 11. h4 {[%emt 0:14:16]} c5 {[%emt 0:01:28]} 12. c3 {[%emt 0:00:13]} Ng4 {[%emt 0:01:58]} 13. Nf3 {[%emt 0:01:52]} bxc3 {[%emt 0:04:21]} 14. bxc3 {[%emt 0:06:29]} Nxe3 {[%emt 0:00:15]} 15. Qxe3 {[%emt 0:00:24]} Qa5 {[%emt 0:02:54]} 16. Qd2 {[%emt 0:05:18]} Bh6 {[%emt 0:07:25]} 17. Qb2 {[%emt 0:00:40]} cxd4 {[%emt 0:00:34]} 18. O-O {[%emt 0:00:32]} Rb8 {[%emt 0:01:24]} 19. Nxd4 {[%emt 0:01:30]} Bxe4 {[%emt 0:02:40]} 20. Bb5 {[%emt 0:05:33]} Ba8 {[%emt 0:07:13]} 21. Bxd7+ {[%emt 0:09:52]} Kxd7 {[%emt 0:00:15]} 22. Qc2 {[%emt 0:10:36]} Rhc8 {[%emt 0:02:11]} 23. Nde2 {[%emt 0:01:32]} Qd5 {[%emt 0:02:52]} 24. f3 {[%emt 0:08:23]} Qd2 {[%emt 0:00:36]} 25. Qxd2 {[%emt 0:00:59]} Bxd2 {[%emt 0:00:03]} 26. Rfb1 {[%emt 0:00:28]} Be3+ {[%emt 0:09:38]} 27. Kf1 {[%emt 0:00:34]} Bc6 {[%emt 0:00:21]} 28. Ke1 {[%emt 0:06:34]} Rxb1+ {[%emt 0:02:11]} 29. Rxb1 {[%emt 0:00:02]} Bxa4 {[%emt 0:00:07]} 30. Nf1 {[%emt 0:00:05]} Ba7 {[%emt 0:01:52]} 31. Nd2 {[%emt 0:00:11]} Bc6 {[%emt 0:02:44]} 32. Ra1 {[%emt 0:00:23]} Bb5 {[%emt 0:01:27]} 33. c4 {[%emt 0:00:28]} Bxc4 {[%emt 0:00:10]} 34. Nxc4 {[%emt 0:00:09]} Rxc4 {[%emt 0:00:04]} 35. Rxa6 {[%emt 0:00:14]} Be3 {[%emt 0:01:31]} 36. g3 {[%emt 0:00:21]} e5 {[%emt 0:00:30]} 37. Ra3 {[%emt 0:01:10]} Bc5 {[%emt 0:00:06]} 38. Ra8 {[%emt 0:00:06]} Rb4 {[%emt 0:00:39]} 39. Rf8 {[%emt 0:00:34]} Ke7 {[%emt 0:00:36]} 40. Rh8 {[%emt 0:00:11]} Rb3 {[%emt 0:02:49]} 0-1

[Event "2nd Gujarat Open 2019"]
[Site "Ahmedabad, Gujarat"]
[Date "2019.09.25"]
[Round "6.10"]
[White "Murshed, Niaz"]
[Black "Pranav Vijay"]
[Result "1/2-1/2"]
[WhiteElo "2405"]
[BlackElo "2265"]
[Annotator "NA"]
[PlyCount "74"]
[EventDate "2019.09.22"]
[EventType "swiss"]
[EventCountry "IND"]
[SourceTitle "playchess.com"]
[Source "ChessBase"]
[SourceQuality "1"]
[TimeControl "5400+30"]

1. d4 {[%emt 0:04:36]} Nf6 {[%emt 0:00:00]} 2. c4 {[%emt 0:00:26]} e6 {[%emt 0:00:00]} 3. Nf3 {[%emt 0:01:12]} b6 {[%emt 0:01:04]} 4. g3 {[%emt 0:01:56]} Bb7 {[%emt 0:01:12]} 5. Bg2 {[%emt 0:00:07]} Bb4+ {[%emt 0:00:23]} 6. Nbd2 {[%emt 0:03:36]} O-O {[%emt 0:00:36]} 7. O-O {[%emt 0:00:08]} Bxd2 {[%emt 0:00:49]} 8. Bxd2 {[%emt 0:01:49]} d6 {[%emt 0:01:36]} 9. Bc3 {[%emt 0:03:37]} Nbd7 {[%emt 0:02:46]} 10. Qc2 {[%emt 0:01:02]} c5 {[%emt 0:03:51]} 11. Rad1 {[%emt 0:09:12]} Qc7 {[%emt 0:01:51]} 12. dxc5 {[%emt 0:10:46]} bxc5 {[%emt 0:01:03]} 13. Ne1 {[%emt 0:07:40]} Bxg2 {[%emt 0:05:44]} 14. Nxg2 {[%emt 0:00:09]} a5 {[%emt 0:03:18]} 15. Rd2 {[%emt 0:06:45]} a4 {[%emt 0:03:02]} 16. Rfd1 {[%emt 0:01:03]} Ra6 {[%emt 0:00:16]} 17. Ne3 {[%emt 0:01:55]} Rb8 {[%emt 0:01:41]} 18. f3 {[%emt 0:02:14]} h5 {[%emt 0:03:02]} 19. Kg2 {[%emt 0:00:45]} Rbb6 {[%emt 0:03:09]} 20. h4 {[%emt 0:02:22]} Qd8 {[%emt 0:15:31]} 21. Kf2 {[%emt 0:05:38]} Qe7 {[%emt 0:01:16]} 22. Rd3 {[%emt 0:03:05]} Ne8 {[%emt 0:02:49]} 23. Ng2 {[%emt 0:02:32]} Rb7 {[%emt 0:09:50]} 24. R3d2 {[%emt 0:04:36]} Ndf6 {[%emt 0:07:49]} 25. Ne3 {[%emt 0:06:28]} Rd7 {[%emt 0:02:25]} 26. Kg2 {[%emt 0:02:42]} Rd8 {[%emt 0:01:18]} 27. Kf2 {[%emt 0:01:53]} Qc7 {[%emt 0:02:17]} 28. Rd3 {[%emt 0:01:46]} Raa8 {[%emt 0:01:00]} 29. Qd2 {[%emt 0:01:03]} Qe7 {[%emt 0:00:11]} 30. Be5 {[%emt 0:02:35]} Ra6 {[%emt 0:01:42]} 31. Bc3 {[%emt 0:01:13]} Rb8 {[%emt 0:03:29]} 32. Qc2 {[%emt 0:00:36]} Rb7 {[%emt 0:01:37]} 33. R3d2 {[%emt 0:00:18]} Ra8 {[%emt 0:00:18]} 34. Kg2 {[%emt 0:01:00]} Nd7 {[%emt 0:01:14]} 35. Qe4 {[%emt 0:00:25]} Ndf6 {[%emt 0:00:41]} 36. Qc2 {[%emt 0:01:06]} Nd7 37. Bf6 Ndxf6 1/2-1/2

[Event "2nd Gujarat Open 2019"]
[Site "Ahmedabad, Gujarat"]
[Date "2019.09.25"]
[Round "6.11"]
[White "Liyanage, Ranindu Dilshan"]
[Black "Hesham, Abdelrahman"]
[Result "0-1"]
[WhiteElo "1956"]
[BlackElo "2396"]
[Annotator "NA"]
[PlyCount "96"]
[EventDate "2019.09.22"]
[EventType "swiss"]
[EventCountry "IND"]
[SourceTitle "playchess.com"]
[Source "ChessBase"]
[SourceQuality "1"]
[TimeControl "5400+30"]

1. e4 {[%emt 0:00:00]} c5 {[%emt 0:05:52]} 2. Nf3 {[%emt 0:00:13]} d6 {[%emt 0:00:21]} 3. d4 {[%emt 0:00:08]} cxd4 {[%emt 0:00:05]} 4. Nxd4 {[%emt 0:00:07]} Nf6 {[%emt 0:00:03]} 5. Nc3 {[%emt 0:00:10]} e5 {[%emt 0:00:02]} 6. Nb3 {[%emt 0:01:52]} Be6 {[%emt 0:00:19]} 7. Bg5 {[%emt 0:04:04]} Be7 {[%emt 0:05:06]} 8. Bxf6 {[%emt 0:10:22]} Bxf6 {[%emt 0:00:07]} 9. Nd5 {[%emt 0:00:12]} O-O {[%emt 0:00:24]} 10. g3 {[%emt 0:10:16]} Nd7 {[%emt 0:06:59]} 11. Bg2 {[%emt 0:00:58]} Rc8 {[%emt 0:02:08]} 12. O-O {[%emt 0:01:41]} Nb6 {[%emt 0:01:07]} 13. Qe2 {[%emt 0:01:44]} Nxd5 {[%emt 0:08:42]} 14. exd5 {[%emt 0:00:14]} Bf5 {[%emt 0:00:36]} 15. c4 {[%emt 0:03:16]} b5 {[%emt 0:00:08]} 16. c5 {[%emt 0:06:23]} dxc5 {[%emt 0:00:23]} 17. Qxb5 {[%emt 0:00:28]} c4 {[%emt 0:01:21]} 18. Na5 {[%emt 0:04:23]} Bd3 {[%emt 0:04:11]} 19. Nc6 {[%emt 0:01:43]} Qd7 {[%emt 0:13:36]} 20. Rfe1 {[%emt 0:12:04]} Rfe8 {[%emt 0:00:32]} 21. Be4 {[%emt 0:03:46]} Rb8 {[%emt 0:00:31]} 22. Qc5 {[%emt 0:05:08]} Rxb2 {[%emt 0:03:14]} 23. Rad1 {[%emt 0:00:32]} Re2 {[%emt 0:09:20]} 24. Rxe2 {[%emt 0:02:55]} Bxe2 {[%emt 0:00:05]} 25. Rd2 {[%emt 0:00:32]} Qg4 {[%emt 0:08:39]} 26. Qe3 {[%emt 0:01:34]} Bd3 {[%emt 0:02:26]} 27. Bxd3 {[%emt 0:00:12]} cxd3 {[%emt 0:00:05]} 28. Rxd3 {[%emt 0:01:22]} e4 {[%emt 0:00:38]} 29. f3 {[%emt 0:05:28]} Qf5 {[%emt 0:01:30]} 30. fxe4 {[%emt 0:03:33]} Rxe4 {[%emt 0:01:03]} 31. Qf3 {[%emt 0:00:19]} Qxf3 {[%emt 0:02:49]} 32. Rxf3 {[%emt 0:00:01]} Kf8 {[%emt 0:00:51]} 33. Ra3 {[%emt 0:03:26]} Bd4+ {[%emt 0:01:24]} 34. Kg2 {[%emt 0:00:44]} Bc5 {[%emt 0:00:27]} 35. Rc3 {[%emt 0:02:45]} Bb6 {[%emt 0:00:42]} 36. Kf3 {[%emt 0:02:15]} f5 {[%emt 0:01:09]} 37. Ra3 {[%emt 0:01:33]} g5 {[%emt 0:01:07]} 38. Nxa7 {[%emt 0:04:48]} g4+ {[%emt 0:02:10]} 39. Kg2 {[%emt 0:00:06]} Re2+ {[%emt 0:04:42]} 40. Kf1 {[%emt 0:00:06]} Rf2+ {[%emt 0:00:10]} 41. Ke1 {[%emt 0:00:20]} Rxh2 {[%emt 0:00:12]} 42. Nc6 {[%emt 0:02:30]} f4 {[%emt 0:00:32]} 43. Ne5 {[%emt 0:06:03]} fxg3 {[%emt 0:01:15]} 44. Nd7+ {[%emt 0:00:30]} Ke7 {[%emt 0:00:41]} 45. Nxb6 {[%emt 0:00:46]} Rh1+ {[%emt 0:00:05]} 46. Ke2 {[%emt 0:00:10]} g2 {[%emt 0:00:04]} 47. d6+ {[%emt 0:00:18]} Kxd6 {[%emt 0:00:20]} 48. Nc4+ {[%emt 0:00:30]} Kc5 {[%emt 0:00:22]} 0-1

[Event "2nd Gujarat Open 2019"]
[Site "Ahmedabad, Gujarat"]
[Date "2019.09.25"]
[Round "6.12"]
[White "Alekhya Mukhopadhyay"]
[Black "Manush Shah"]
[Result "0-1"]
[WhiteElo "1706"]
[BlackElo "2352"]
[Annotator "NA"]
[PlyCount "54"]
[EventDate "2019.09.22"]
[EventType "swiss"]
[EventCountry "IND"]
[SourceTitle "playchess.com"]
[Source "ChessBase"]
[SourceQuality "1"]
[TimeControl "5400+30"]

1. e4 {[%emt 0:00:00]} c6 {[%emt 0:00:18]} 2. d4 {[%emt 0:00:00]} d5 {[%emt 0:00:04]} 3. f3 {[%emt 0:00:00]} dxe4 {[%emt 0:00:52]} 4. fxe4 {[%emt 0:00:00]} e5 {[%emt 0:00:04]} 5. Nf3 {[%emt 0:00:08]} Bg4 {[%emt 0:00:21]} 6. c3 {[%emt 0:01:48]} Nd7 {[%emt 0:02:32]} 7. Bc4 {[%emt 0:01:05]} Bh5 {[%emt 0:03:27]} 8. O-O {[%emt 0:02:06]} Ngf6 {[%emt 0:01:09]} 9. Qe1 {[%emt 0:01:26]} Bd6 {[%emt 0:05:00]} 10. Bg5 {[%emt 0:01:24]} Qc7 {[%emt 0:02:42]} 11. Nbd2 {[%emt 0:03:04]} h6 {[%emt 0:04:01]} 12. Bxf6 {[%emt 0:02:46]} gxf6 {[%emt 0:02:19]} 13. d5 {[%emt 0:06:59]} cxd5 {[%emt 0:03:09]} 14. Bxd5 {[%emt 0:02:23]} f5 {[%emt 0:02:39]} 15. Kh1 {[%emt 0:03:10]} f4 {[%emt 0:05:50]} 16. Qe2 {[%emt 0:07:03]} O-O-O {[%emt 0:04:31]} 17. Rfc1 {[%emt 0:07:01]} Nf6 {[%emt 0:01:28]} 18. c4 {[%emt 0:07:53]} Bc5 {[%emt 0:00:34]} 19. Nf1 {[%emt 0:11:00]} Ng4 {[%emt 0:06:45]} 20. h3 {[%emt 0:01:10]} Nf2+ {[%emt 0:02:44]} 21. Kh2 {[%emt 0:00:08]} Rhg8 {[%emt 0:00:34]} 22. N1d2 {[%emt 0:08:34]} Rg3 {[%emt 0:05:05]} 23. Qf1 {[%emt 0:06:49]} Rdg8 {[%emt 0:02:39]} 24. Ng1 {[%emt 0:02:28]} Qe7 {[%emt 0:03:37]} 25. Ndf3 {[%emt 0:05:55]} Bxf3 {[%emt 0:01:13]} 26. Nxf3 {[%emt 0:00:36]} Rxf3 {[%emt 0:00:13]} 27. gxf3 {[%emt 0:00:06]} Qh4 {[%emt 0:00:04]} 0-1

[Event "2nd Gujarat Open 2019"]
[Site "Ahmedabad, Gujarat"]
[Date "2019.09.25"]
[Round "6.13"]
[White "Vlassov, Nikolai"]
[Black "Bharat Kumar Reddy Poluri"]
[Result "0-1"]
[WhiteElo "2384"]
[BlackElo "2304"]
[Annotator "NA"]
[PlyCount "170"]
[EventDate "2019.09.22"]
[EventType "swiss"]
[EventCountry "IND"]
[SourceTitle "playchess.com"]
[Source "ChessBase"]
[SourceQuality "1"]
[TimeControl "5400+30"]

1. e4 e6 {[%emt 0:05:40]} 2. d4 {[%emt 0:00:00]} d5 {[%emt 0:00:05]} 3. exd5 {[%emt 0:00:00]} exd5 {[%emt 0:00:10]} 4. Nf3 {[%emt 0:00:01]} Nf6 {[%emt 0:00:11]} 5. c4 {[%emt 0:00:06]} Bb4+ {[%emt 0:00:18]} 6. Nc3 {[%emt 0:00:07]} O-O {[%emt 0:00:07]} 7. Bd3 {[%emt 0:00:04]} dxc4 {[%emt 0:00:22]} 8. Bxc4 {[%emt 0:00:07]} Bg4 {[%emt 0:00:17]} 9. O-O {[%emt 0:01:29]} Bxf3 {[%emt 0:02:01]} 10. Qxf3 {[%emt 0:00:07]} Qxd4 {[%emt 0:00:08]} 11. Qxb7 {[%emt 0:03:20]} Qxc4 {[%emt 0:00:26]} 12. Qxa8 {[%emt 0:00:07]} Bd6 {[%emt 0:00:08]} 13. Qf3 {[%emt 0:08:20]} Bxh2+ {[%emt 0:00:31]} 14. Kxh2 {[%emt 0:00:06]} Qxf1 {[%emt 0:00:06]} 15. Rb1 {[%emt 0:01:22]} Qc4 {[%emt 0:05:35]} 16. Bf4 {[%emt 0:01:41]} c5 {[%emt 0:08:22]} 17. Rd1 {[%emt 0:11:39]} Nbd7 {[%emt 0:06:19]} 18. Rd6 {[%emt 0:04:22]} Re8 {[%emt 0:04:34]} 19. b3 {[%emt 0:00:45]} Qf1 {[%emt 0:10:53]} 20. Nd5 {[%emt 0:12:17]} h5 {[%emt 0:06:51]} 21. Ne3 {[%emt 0:02:58]} Qb1 {[%emt 0:03:48]} 22. Ra6 {[%emt 0:02:55]} Ne5 {[%emt 0:09:06]} 23. Bxe5 {[%emt 0:01:43]} Rxe5 {[%emt 0:00:02]} 24. Rxa7 {[%emt 0:00:56]} Rxe3 {[%emt 0:06:28]} 25. fxe3 {[%emt 0:00:24]} Ng4+ {[%emt 0:00:11]} 26. Kg3 {[%emt 0:00:08]} Qe1+ {[%emt 0:00:37]} 27. Kf4 {[%emt 0:00:09]} Qb4+ {[%emt 0:02:39]} 28. Kg5 {[%emt 0:02:10]} f6+ {[%emt 0:02:24]} 29. Kxh5 {[%emt 0:00:37]} g6+ {[%emt 0:00:11]} 30. Kxg6 {[%emt 0:00:56]} Ne5+ {[%emt 0:00:05]} 31. Kxf6 {[%emt 0:00:16]} Nxf3 {[%emt 0:00:06]} 32. Ra8+ {[%emt 0:00:13]} Kh7 {[%emt 0:00:07]} 33. gxf3 {[%emt 0:00:08]} Qc3+ {[%emt 0:06:55]} 34. Kf5 {[%emt 0:02:10]} Qxe3 {[%emt 0:00:46]} 35. Ra4 {[%emt 0:00:56]} Qxf3+ {[%emt 0:01:32]} 36. Ke5 {[%emt 0:00:08]} Qd3 {[%emt 0:00:14]} 37. Ke6 {[%emt 0:06:12]} Kg7 {[%emt 0:01:06]} 38. Ra7+ {[%emt 0:01:09]} Kg6 {[%emt 0:00:07]} 39. Ra4 {[%emt 0:00:09]} Qd1 {[%emt 0:03:02]} 40. Ke5 {[%emt 0:08:21]} Kf7 {[%emt 0:00:14]} 41. Ke4 {[%emt 0:04:57]} Qd2 {[%emt 0:00:48]} 42. Ra7+ {[%emt 0:01:18]} Ke6 {[%emt 0:00:15]} 43. Ra6+ {[%emt 0:00:06]} Kd7 {[%emt 0:00:05]} 44. Ra7+ {[%emt 0:00:04]} Kc6 {[%emt 0:00:05]} 45. Ra8 {[%emt 0:01:43]} Kb7 {[%emt 0:03:46]} 46. Ra4 {[%emt 0:00:17]} Kb6 {[%emt 0:00:02]} 47. Kf3 {[%emt 0:03:36]} Qd3+ {[%emt 0:00:56]} 48. Kf2 {[%emt 0:00:20]} Kb5 {[%emt 0:00:29]} 49. Ke1 {[%emt 0:04:27]} Qc2 {[%emt 0:00:25]} 50. Ra7 {[%emt 0:00:10]} Qd3 {[%emt 0:01:33]} 51. Ra4 {[%emt 0:00:41]} Kb6 {[%emt 0:02:12]} 52. Kf2 {[%emt 0:00:23]} Kb7 {[%emt 0:00:08]} 53. Rc4 {[%emt 0:02:37]} Qd2+ {[%emt 0:00:53]} 54. Kf3 {[%emt 0:00:15]} Qxa2 {[%emt 0:00:16]} 55. Rxc5 {[%emt 0:00:07]} Qxb3+ {[%emt 0:00:10]} 56. Ke4 {[%emt 0:00:05]} Kb6 {[%emt 0:00:06]} 57. Rg5 {[%emt 0:00:26]} Kc6 {[%emt 0:00:28]} 58. Rg6+ {[%emt 0:00:06]} Kc5 {[%emt 0:00:07]} 59. Rg5+ {[%emt 0:00:04]} Kc4 {[%emt 0:00:06]} 60. Rg4 {[%emt 0:00:11]} Qd3+ {[%emt 0:00:12]} 61. Ke5+ {[%emt 0:00:17]} Kc5 {[%emt 0:00:05]} 62. Rg5 {[%emt 0:01:08]} Qe3+ {[%emt 0:00:05]} 63. Kf6+ {[%emt 0:00:09]} Kd6 {[%emt 0:00:02]} 64. Kf5 {[%emt 0:00:18]} Qf3+ {[%emt 0:00:08]} 65. Kg6 {[%emt 0:00:06]} Ke6 {[%emt 0:00:12]} 66. Ra5 {[%emt 0:00:48]} Qd3+ {[%emt 0:01:56]} 67. Kh5 {[%emt 0:00:17]} Kf6 {[%emt 0:00:24]} 68. Kg4 {[%emt 0:00:49]} Qe2+ {[%emt 0:01:02]} 69. Kh3 {[%emt 0:00:34]} Kg6 {[%emt 0:01:54]} 70. Ra3 {[%emt 0:01:22]} Qf1+ {[%emt 0:01:08]} 71. Kg3 {[%emt 0:00:17]} Qe1+ {[%emt 0:00:46]} 72. Kf3 {[%emt 0:01:21]} Kf5 {[%emt 0:00:19]} 73. Kg2 {[%emt 0:00:30]} Qd2+ {[%emt 0:01:13]} 74. Kh3 {[%emt 0:00:53]} Kg5 {[%emt 0:00:22]} 75. Rg3+ {[%emt 0:00:50]} Kh5 {[%emt 0:00:03]} 76. Ra3 {[%emt 0:00:30]} Qd1 {[%emt 0:02:45]} 77. Ra5+ {[%emt 0:02:19]} Kg6 {[%emt 0:00:00]} 78. Ra3 {[%emt 0:00:57]} Kg5 {[%emt 0:00:18]} 79. Kg2 {[%emt 0:01:17]} Kf4 {[%emt 0:00:17]} 80. Kh2 {[%emt 0:01:09]} Qd6 {[%emt 0:02:32]} 81. Rg3 {[%emt 0:00:38]} Qe5 {[%emt 0:00:23]} 82. Kg2 {[%emt 0:02:06]} Qe2+ {[%emt 0:00:33]} 83. Kh3 {[%emt 0:00:02]} Qf1+ {[%emt 0:00:23]} 84. Kh2 {[%emt 0:00:11]} Qf2+ {[%emt 0:00:07]} 85. Kh1 {[%emt 0:00:58]} Ke5 0-1

[Event "2nd Gujarat Open 2019"]
[Site "Ahmedabad, Gujarat"]
[Date "2019.09.25"]
[Round "6.14"]
[White "Manik, Mikulas"]
[Black "Sanket Chakravarty"]
[Result "1-0"]
[WhiteElo "2375"]
[BlackElo "2158"]
[Annotator "NA"]
[PlyCount "49"]
[EventDate "2019.09.22"]
[EventType "swiss"]
[EventCountry "IND"]
[SourceTitle "playchess.com"]
[Source "ChessBase"]
[SourceQuality "1"]
[TimeControl "5400+30"]

1. e4 {[%emt 0:02:07]} c5 {[%emt 0:00:00]} 2. Nf3 {[%emt 0:00:19]} e6 {[%emt 0:00:00]} 3. d4 {[%emt 0:00:07]} cxd4 {[%emt 0:00:00]} 4. Nxd4 {[%emt 0:00:03]} Nc6 {[%emt 0:00:00]} 5. Nc3 {[%emt 0:00:07]} Nf6 {[%emt 0:00:00]} 6. Be2 {[%emt 0:00:35]} Bb4 {[%emt 0:01:46]} 7. O-O {[%emt 0:00:53]} Bxc3 {[%emt 0:01:59]} 8. bxc3 {[%emt 0:00:03]} Nxe4 {[%emt 0:00:40]} 9. Qd3 {[%emt 0:00:10]} d5 {[%emt 0:01:17]} 10. Ba3 {[%emt 0:00:19]} Ne7 {[%emt 0:05:37]} 11. c4 {[%emt 0:01:42]} O-O {[%emt 0:01:08]} 12. cxd5 {[%emt 0:09:30]} exd5 {[%emt 0:00:19]} 13. c4 {[%emt 0:00:08]} Nf6 {[%emt 0:11:52]} 14. cxd5 {[%emt 0:14:19]} Nfxd5 {[%emt 0:00:43]} 15. Bf3 {[%emt 0:01:02]} Re8 {[%emt 0:08:16]} 16. Rad1 {[%emt 0:15:08]} Bd7 {[%emt 0:05:22]} 17. Nb5 {[%emt 0:06:51]} Bc6 {[%emt 0:21:04]} 18. Nd6 {[%emt 0:01:36]} Rf8 {[%emt 0:00:33]} 19. Nf5 {[%emt 0:00:30]} Ng6 {[%emt 0:26:02]} 20. Bxd5 {[%emt 0:06:53]} Nf4 {[%emt 0:00:29]} 21. Qc4 {[%emt 0:01:16]} Nxd5 {[%emt 0:03:14]} 22. Bxf8 {[%emt 0:00:24]} Qg5 {[%emt 0:01:42]} 23. Rxd5 {[%emt 0:00:45]} Rxf8 {[%emt 0:00:17]} 24. Re1 {[%emt 0:07:58]} Bxd5 {[%emt 0:00:36]} 25. Qxd5 {[%emt 0:00:06]} 1-0

[Event "2nd Gujarat Open 2019"]
[Site "Ahmedabad, Gujarat"]
[Date "2019.09.25"]
[Round "6.15"]
[White "Soham Datar"]
[Black "Konguvel, Ponnuswamy"]
[Result "0-1"]
[WhiteElo "2160"]
[BlackElo "2374"]
[Annotator "NA"]
[PlyCount "114"]
[EventDate "2019.09.22"]
[EventType "swiss"]
[EventCountry "IND"]
[SourceTitle "playchess.com"]
[Source "ChessBase"]
[SourceQuality "1"]
[TimeControl "5400+30"]

1. c4 g6 2. Nc3 Bg7 3. d4 Nf6 4. g3 O-O 5. Bg2 d6 6. Nf3 Nbd7 7. O-O e5 8. e4 exd4 9. Nxd4 Re8 10. h3 Nc5 11. Re1 Bd7 12. Rb1 h6 13. Qc2 Nfxe4 14. Nxe4 Bxd4 15. Bxh6 Nxe4 16. Bxe4 Qf6 17. Be3 Bxe3 18. Rxe3 Bxh3 19. Rbe1 Kg7 20. a4 c6 21. a5 Re7 22. Bg2 Bf5 23. Qb3 Rae8 24. a6 Rxe3 25. Rxe3 Rxe3 26. fxe3 bxa6 27. Bxc6 Qe5 28. Kf2 Bh3 29. Bf3 Be6 30. Qc2 a5 31. b3 Qa1 32. Qd2 a4 33. bxa4 Bxc4 34. Qd4+ Qxd4 35. exd4 a5 36. Bc6 Kf6 37. Ke3 Ke6 38. Kf4 Bd5 39. Be8 Bb7 40. g4 Ke7 41. Bb5 f6 42. g5 fxg5+ 43. Kxg5 Ke6 44. Kxg6 Kd5 45. Kf5 Kxd4 46. Kf4 Kc5 47. Ke3 Bc6 48. Bxc6 Kxc6 49. Kd4 d5 50. Kd3 Kc5 51. Kc3 d4+ 52. Kd3 Kd5 53. Kd2 Kc4 54. Kc2 Kb4 55. Kd3 Kxa4 56. Kc4 Ka3 57. Kxd4 Kb3 0-1